Villes jumelées franco-allemand - Statistiques

Statistiques générales
  • Ce quiz a été pris 30 fois
  • Le résultat moyen est 10 sur 57
Statistiques - réponses
Ville francaise Ville allemand % Correct
Paris Berlin
100%
Marseille Hambourg
70%
Lyon Francfort-sur-le-Main et Leipzig
61%
Lille Cologne et Erfurt
43%
Bordeaux Munich
43%
Toulouse Düsseldorf
39%
Nice Nuremberg
39%
Strasbourg Stuttgart et Dresde
39%
Amiens Dortmund et Görlitz
30%
Perpignan Hanovre
30%
Nancy Karlsruhe
30%
Dijon Mayence
30%
Angers Osnabrück
30%
Versailles Potsdam et Gießen
30%
Metz Tréves
30%
Grenoble Essen, Halle-sur-Saale et Stendal
26%
Toulon Mannheim
26%
Nantes Sarrebruck
26%
Calais Duisbourg et Wismar
22%
Brest Kiel
22%
Lorient Ludwigshafen
22%
Reims Aix-la-Chapelle
17%
Saint-Quentin Kaiserslautern
17%
Dunkerque Rostock et Krefeld
17%
Saint-Nazaire Sarrelouis
17%
Bourges Augsbourg
13%
Mulhouse Chemnitz et Cassel
13%
Besancon Fribourg-en-Brisgau
13%
La Rochelle Lübeck
13%
St. Étienne Wuppertal et Geltendorf (Bavière)
13%
Caen Wurtzbourg
13%
Nîmes Brunswick et Francfort-sur-l'Oder
9%
Troyes Darmstadt
9%
Pau Göttingen
9%
Montpellier Heidelberg
9%
Roubaix Mönchengladbach
9%
Orléans Münster
9%
Le Mans Paderborn
9%
Clermont-Ferrand Ratisbonne
9%
Cherbourg Bremerhaven et Northeim
4%
Limoges Fürth
4%
Rouen Hanovre et Uelzen
4%
Angoulême Hildesheim
4%
Le Havre Magdebourg
4%
Tours Mülheim
4%
Rodez Bamberg
0%
Annecy Bayreuth
0%
Rennes Erlangen
0%
Châteauroux Gütersloh
0%
Béziers Heilbronn
0%
Montbéliard Ludwigsbourg
0%
Poitiers Marbourg
0%
Cholet Oldenbourg
0%
Antibes Schwäbisch Gmünd
0%
Chartres Spire
0%
Aix-en-Provence Tübingen
0%
Avignon Wetzlar
0%
Aucun quiz correspondant
Distribution des résultats
% des personnes avec chaque résultat
Percentile par nombre de réponses
Votre historique - résultats
Vous n’avez pas pris ce quiz